000 00311nam a22001337a 4500
008 190225b xxu||||| |||| 00| 0 eng d
020 _a9781572244160
041 _aeng
080 _a159.9
100 _a49
101 _aPSI
245 _aHelping Your Child with Selective Mutism
_cHolm,A.E
942 _2udc
_cBK
999 _c54170
_d54170